[Event "Münster III - Gütersloh"]
[Site "?"]
[Date "2024.02.25"]
[Round "6.3"]
[White "Neumann, Theodor"]
[Black "Molinaroli, Martin"]
[Result "0-1"]
[WhiteElo "1952"]
[BlackElo "2101"]
[PlyCount "116"]
[EventDate "2024.??.??"]

1. e4 b6 2. Nc3 Bb7 3. f4 e6 4. Nf3 d5 5. Qe2 dxe4 6. Nxe4 Nf6 7. Nf2 Bd6 8. d4 O-O 9. Be3 Nd5 10. g3 Nc6 11. c3 Nxe3 12. Qxe3 Ne7 13. Bg2 c5 14. O-O cxd4 15. cxd4 Nd5 16. Qd3 Nf6 17. Rac1 Rc8 18. a3 Be7 19. Rfd1 Qd6 20. Ne5 Bxg2 21. Kxg2 Rc7 22. Rc2 Rfc8 23. Rdc1 g6 24. Rxc7 Rxc7 25. Rxc7 Qxc7 26. Qb5 Kg7 27. Qc6 Bd6 28. Qxc7 Bxc7 29. Nc6 a6 30. Kf3 Nd5 31. Ke4 Bd6 32. Kd3 f5 33. Nh3 h6 34. a4 Kf6 35. Ng1 g5 36. fxg5+ hxg5 37. Nf3 g4 38. Nfe5 Bc7 39. b4 Bd6 40. a5 bxa5 41. bxa5 Kg7 42. Nd8 Kf6 43. Ndc6 Nb4+ 44. Kc4 Nxc6 45. Nxc6 f4 46. Kd3 fxg3 47. hxg3 Kf5 48. Nd8 Bxg3 49. Nb7 Bc7 50. Ke3 Bf4+ 51. Kf2 Bc7 52. Ke3 Kg5 53. Nc5 Bxa5 54. Nxe6+ Kh4 55. Kf2 Kh3 56. Ng5+ Kh2 57. d5 g3+ 58. Ke2 g2 0-1

[Event "Münster III - Gütersloh"]
[Site "?"]
[Date "2024.02.25"]
[Round "6.4"]
[White "Mueschenich, Stefan"]
[Black "Hofmann, Martin"]
[Result "1/2-1/2"]
[WhiteElo "2121"]
[BlackElo "1982"]
[PlyCount "37"]
[EventDate "2024.??.??"]

1. e4 c5 2. Nf3 Nc6 3. Bb5 Nf6 4. e5 Nd5 5. b3 g6 6. Bb2 Bg7 7. Bxc6 dxc6 8. h3 O-O 9. O-O h6 10. Re1 g5 11. Nh2 Bf5 12. d3 Qc7 13. Nd2 Rad8 14. Ne4 b6 15. Ng3 Bg6 16. Ng4 Nf4 17. Ne3 Qc8 18. Qg4 Qxg4 19. hxg4 1/2-1/2

[Event "Münster III - Gütersloh"]
[Site "?"]
[Date "2024.02.25"]
[Round "6.5"]
[White "Lueckner, Andreas"]
[Black "Baumann, Stephan"]
[Result "1/2-1/2"]
[WhiteElo "1995"]
[BlackElo "2046"]
[PlyCount "165"]
[EventDate "2024.??.??"]

1. Nf3 d6 2. d4 Bg4 3. e4 Nd7 4. h3 Bh5 5. Nc3 e5 6. Be3 Ngf6 7. Bd3 Be7 8. Qe2 c6 9. O-O-O Qa5 10. g4 Bg6 11. h4 Nxg4 12. h5 Nxe3 13. fxe3 exd4 14. Nxd4 O-O-O 15. hxg6 hxg6 16. Qg4 Rxh1 17. Rxh1 Kb8 18. Qg3 Ne5 19. a3 Bf6 20. Be2 Ka8 21. Rh3 b5 22. Na2 Qb6 23. Kb1 Rb8 24. c3 a6 25. Qh2 c5 26. Nf3 Nxf3 27. Bxf3 Be5 28. Qd2 Ka7 29. Qd5 Rb7 30. Be2 Qd8 31. Rf3 Qe7 32. Nc1 g5 33. Rf1 Bf6 34. Nb3 Qc7 35. Rh1 Rb8 36. Nc1 Re8 37. Rd1 Be5 38. Rf1 Bf6 39. Rd1 Be5 40. Bh5 Re7 41. Nd3 Bf6 42. Rh1 Kb6 43. Bg4 Re8 44. Rd1 Rd8 45. Bf5 g6 46. Bg4 Qe7 47. Rh1 Rb8 48. Rh7 Rb7 49. Bf3 Rc7 50. Nf2 Qe5 51. Ng4 Qg3 52. Nxf6 Qxf3 53. Qxd6+ Kb7 54. Qd5+ Ka7 55. Rxf7 Rxf7 56. Qxf7+ Ka8 57. Qd5+ Kb8 58. Nd7+ Kc7 59. Qc6+ Kxc6 60. Ne5+ Kd6 61. Nxf3 g4 62. Ng1 Ke5 63. Kc2 Kxe4 64. Kd2 g5 65. Ke2 a5 66. Kd2 g3 67. Ke2 g4 68. Kd2 c4 69. Ke2 Kd5 70. Ke1 Ke4 71. Kd2 Kd5 72. Ne2 Ke4 73. Nxg3+ Kf3 74. Ne2 g3 75. Nf4 a4 76. Ne2 g2 77. Ng1+ Kf2 78. Nh3+ Kf3 79. Ng1+ Kf2 80. Ne2 Kf3 81. Nd4+ Kf2 82. Ne2 Kf3 83. Ng1+ 1/2-1/2

[Event "Münster III - Gütersloh"]
[Site "?"]
[Date "2024.02.25"]
[Round "6.6"]
[White "Wieder, Heiner"]
[Black "Hanhoerster, Stephan"]
[Result "1/2-1/2"]
[WhiteElo "2087"]
[BlackElo "2091"]
[PlyCount "109"]
[EventDate "2024.??.??"]

1. e4 c5 2. Nf3 d6 3. d4 cxd4 4. Nxd4 Nf6 5. Nc3 a6 6. f3 e6 7. Be3 b5 8. Qd2 Nbd7 9. g4 Nb6 10. g5 Nfd7 11. O-O-O Bb7 12. a3 Rc8 13. Rg1 Ne5 14. f4 Nec4 15. Bxc4 Nxc4 16. Qd3 Qb6 17. Bf2 b4 18. axb4 Qxb4 19. Nb3 Be7 20. f5 Ne5 21. Qe2 Rxc3 22. bxc3 Qxe4 23. Qxe4 Bxe4 24. fxe6 fxe6 25. Rd4 d5 26. Ra4 Nf3 27. Rxa6 Nxg1 28. Ra8+ Bd8 29. Bxg1 O-O 30. Be3 d4 31. Rxd8 Rxd8 32. cxd4 Bd5 33. Nc5 Rf8 34. Nd7 Rf3 35. Kd2 Rh3 36. Bf4 Rf3 37. Be3 Be4 38. c4 Rf1 39. Nc5 Bf5 40. Nd7 Ra1 41. Bf4 Ra3 42. Ne5 Kf8 43. c5 Be4 44. c6 Ra2+ 45. Ke3 Bd5 46. c7 Bb7 47. Nd7+ Ke8 48. Nc5 Bc8 49. Be5 Rg2 50. Bg3 Ke7 51. Kf3 Rg1 52. h4 h6 53. gxh6 gxh6 54. Be5 h5 55. Bf4 1/2-1/2

[Event "Münster III - Gütersloh"]
[Site "?"]
[Date "2024.02.25"]
[Round "6.7"]
[White "Grochtmann, Stephan"]
[Black "Ollech, Dirk"]
[Result "0-1"]
[WhiteElo "1950"]
[BlackElo "1940"]
[PlyCount "68"]
[EventDate "2024.??.??"]

1. e4 c5 2. Nf3 d6 3. Bb5+ Bd7 4. Bxd7+ Qxd7 5. O-O Nc6 6. c3 Nf6 7. Re1 g6 8. d4 Bg7 9. d5 Ne5 10. Nxe5 dxe5 11. Nd2 O-O 12. Nc4 Ne8 13. a4 Nd6 14. Qb3 b6 15. f3 Rab8 16. Bg5 f6 17. Bh4 Bh6 18. Bf2 Kg7 19. Qa2 Rfc8 20. Be3 Bxe3+ 21. Rxe3 h5 22. Rf1 g5 23. Re2 h4 24. Nxd6 exd6 25. b3 a6 26. c4 b5 27. axb5 axb5 28. Ra1 bxc4 29. bxc4 Rb4 30. h3 Rcb8 31. Qa6 R8b6 32. Qa8 Rb7 33. Ra6 Rxc4 34. Rxd6 Rb1+ 0-1

[Event "Münster III - Gütersloh"]
[Site "?"]
[Date "2024.02.25"]
[Round "6.8"]
[White "Meyer, Ulrich"]
[Black "Neumann, Helena"]
[Result "1-0"]
[WhiteElo "1813"]
[BlackElo "1677"]
[PlyCount "61"]
[EventDate "2024.??.??"]

1. e4 c6 2. d4 d5 3. exd5 cxd5 4. c4 Nc6 5. Nf3 Nf6 6. Nc3 e6 7. Bg5 Be7 8. a3 O-O 9. c5 a5 10. Na4 Nd7 11. Bf4 b6 12. Bb5 Bb7 13. cxb6 Nxb6 14. Rc1 Rc8 15. O-O Nxa4 16. Qxa4 Qb6 17. Rc3 Na7 18. Rb3 Nxb5 19. Rxb5 Qc6 20. Ne5 Qe8 21. Rxa5 Qxa4 22. Rxa4 f6 23. Nd3 g5 24. Ra7 gxf4 25. Rxb7 Bd6 26. Rd7 Rc6 27. Re1 e5 28. f3 Bc7 29. Nb4 Rc4 30. Nxd5 Rxd4 31. Ne7+ 1-0

[Event "Sterkrade- Holsterhausen"]
[Site "?"]
[Date "2024.02.25"]
[Round "6.1"]
[White "Schwalen, Peter"]
[Black "Bashirov, Kemal"]
[Result "0-1"]
[WhiteElo "2106"]
[BlackElo "2372"]
[PlyCount "110"]
[EventDate "2024.??.??"]

1. e4 c5 2. Nf3 d6 3. d4 cxd4 4. Nxd4 Nf6 5. Nc3 a6 6. Bg5 e6 7. f4 Be7 8. Qf3 Qc7 9. O-O-O Nbd7 10. Bd3 h6 11. Bh4 g5 12. fxg5 Ne5 13. Qe2 Nfg4 14. Nf3 hxg5 15. Bg3 Nxf3 16. Qxf3 Ne5 17. Qf2 Bd7 18. Rhf1 Rh7 19. Kb1 Rc8 20. Ka1 Kf8 21. Be2 Bc6 22. Qd4 b5 23. Nb1 Bb7 24. c3 Qc5 25. Qxc5 Rxc5 26. Nd2 Ke8 27. h3 Rc8 28. Rc1 Nd7 29. Bd3 Rh6 30. Rce1 Nc5 31. Bb1 e5 32. Nf3 a5 33. Nh2 b4 34. Ng4 Rg6 35. cxb4 axb4 36. Bf2 Ba6 37. Rg1 Bc4 38. b3 Be6 39. Bxc5 Rxc5 40. Ne3 Kd7 41. Rc1 Rxc1 42. Rxc1 Rf6 43. Bd3 Rf2 44. Rc2 Rxc2 45. Bxc2 Kc6 46. Bd3 Kc5 47. Bc4 Kd4 48. Nd5 Bxd5 49. Bxd5 f5 50. Kb2 fxe4 51. Bc6 d5 52. Kc2 e3 53. Kd1 e4 54. Ke2 Bc5 55. g3 Ke5 0-1

[Event "Sterkrade- Holsterhausen"]
[Site "?"]
[Date "2024.02.25"]
[Round "6.2"]
[White "Stricker, Florian"]
[Black "Walbaum, Klaus"]
[Result "1-0"]
[WhiteElo "2205"]
[BlackElo "2111"]
[PlyCount "115"]
[EventDate "2024.??.??"]

1. e4 c5 2. Nc3 e6 3. Nge2 Nc6 4. g3 Nf6 5. Bg2 d5 6. exd5 exd5 7. d4 cxd4 8. Nxd4 Bg4 9. f3 Bd7 10. O-O Be7 11. Be3 O-O 12. Re1 Re8 13. Bf2 a6 14. Qd2 Qc7 15. Rad1 h6 16. Nb3 Be6 17. Nc5 Bf5 18. Nxd5 Nxd5 19. Qxd5 Bxc2 20. Rc1 Bxc5 21. Qxc5 Bg6 22. f4 Rxe1+ 23. Rxe1 Qd7 24. Bf3 Re8 25. Rxe8+ Qxe8 26. g4 f6 27. b4 Bf7 28. a4 Qd7 29. b5 axb5 30. axb5 Ne7 31. Be2 Bd5 32. Qd4 Qe6 33. Qe3 Kf7 34. Qxe6+ Kxe6 35. Bc5 Kd7 36. Kf2 g6 37. Ke3 Bh1 38. Kf2 Ke6 39. h4 f5 40. h5 gxh5 41. gxh5 Bd5 42. Bd4 Kf7 43. Be5 Ng8 44. Ke3 Be4 45. Kd4 Nf6 46. Bc4+ Ke7 47. Bxf6+ Kxf6 48. Bd5 Bc2 49. Bxb7 Bd1 50. b6 Ke7 51. Bd5 Kd6 52. b7 Kc7 53. Bf7 Kxb7 54. Ke5 Bg4 55. Kf6 Kc7 56. Kg6 Kd6 57. Kxh6 Ke7 58. Kg7 1-0

[Event "Sterkrade- Holsterhausen"]
[Site "?"]
[Date "2024.02.25"]
[Round "6.3"]
[White "Sicars, Thorsten"]
[Black "Knudsen, Simon"]
[Result "0-1"]
[WhiteElo "2015"]
[BlackElo "2231"]
[PlyCount "80"]
[EventDate "2024.??.??"]

1. c4 g6 2. e4 Bg7 3. d4 e6 4. Nc3 Ne7 5. h4 d5 6. Nf3 dxe4 7. Nxe4 h6 8. Be3 Nf5 9. Qd2 b6 10. O-O-O Bb7 11. d5 exd5 12. cxd5 Nxe3 13. Qxe3 O-O 14. Bc4 Nd7 15. Qd3 Nc5 16. Qc2 Nxe4 17. Qxe4 Qf6 18. Qc2 c6 19. Kb1 cxd5 20. Bxd5 Rac8 21. Qb3 Qf5+ 22. Qd3 Bxd5 23. Qxf5 Bxa2+ 24. Kxa2 gxf5 25. Rd2 Rc4 26. Rhd1 Rfc8 27. Rd8+ Rxd8 28. Rxd8+ Kh7 29. Kb3 Re4 30. Rd2 a5 31. Kc2 Rb4 32. Kc1 Bf6 33. g3 Kg7 34. Ne1 f4 35. Nd3 Rc4+ 36. Rc2 Rxc2+ 37. Kxc2 fxg3 38. fxg3 Kg6 39. Nf4+ Kf5 40. b3 Bxh4 0-1

[Event "Sterkrade- Holsterhausen"]
[Site "?"]
[Date "2024.02.25"]
[Round "6.4"]
[White "Aulich, Marcell"]
[Black "Bobzin, Pierre"]
[Result "1/2-1/2"]
[WhiteElo "2188"]
[BlackElo "2087"]
[PlyCount "34"]
[EventDate "2024.??.??"]

1. e4 c6 2. d4 d5 3. e5 Na6 4. c4 Nc7 5. Nc3 Bf5 6. Qb3 Rb8 7. cxd5 Nxd5 8. Bc4 e6 9. Bxd5 exd5 10. Bf4 Be6 11. Nge2 Ne7 12. O-O Nf5 13. Rac1 Qb6 14. Qxb6 axb6 15. Na4 b5 16. Nc5 Bxc5 17. Rxc5 Ra8 1/2-1/2

[Event "Sterkrade- Holsterhausen"]
[Site "?"]
[Date "2024.02.25"]
[Round "6.5"]
[White "Heidarnezhad, Ben-Ali"]
[Black "Grewe, Ludger"]
[Result "1-0"]
[WhiteElo "1933"]
[BlackElo "2128"]
[PlyCount "79"]
[EventDate "2024.??.??"]

1. e4 c5 2. Nf3 e6 3. d4 cxd4 4. Nxd4 Nf6 5. Bd3 Nc6 6. Nf3 d5 7. exd5 Nxd5 8. a3 Bd6 9. O-O O-O 10. Qe2 Qc7 11. g3 h6 12. c4 Nde7 13. Nc3 Qa5 14. Nb5 Bb8 15. b4 Qd8 16. Rd1 Qe8 17. Bb2 a6 18. Nbd4 Bd7 19. b5 axb5 20. cxb5 Na5 21. Bc3 Bd6 22. Qe1 b6 23. Bb4 Bc5 24. Rac1 Rc8 25. Bxc5 bxc5 26. Qxa5 Ra8 27. Qc3 cxd4 28. Nxd4 Nd5 29. Qb3 Qe7 30. a4 Nb6 31. Ra1 e5 32. Nc6 Qf6 33. Be4 Be6 34. Qb4 Bg4 35. Rd6 Qg5 36. h4 Qh5 37. Ne7+ Kh8 38. Rxb6 Rad8 39. Ng6+ fxg6 40. Bxg6 1-0

[Event "Sterkrade- Holsterhausen"]
[Site "?"]
[Date "2024.02.25"]
[Round "6.6"]
[White "Kuckling, Hannah"]
[Black "Billaudelle, Frank"]
[Result "1-0"]
[WhiteElo "2077"]
[BlackElo "1860"]
[PlyCount "63"]
[EventDate "2024.??.??"]

1. e4 e6 2. Qe2 e5 3. g3 Nf6 4. Bg2 Bc5 5. f4 d6 6. d3 Nc6 7. c3 Ng4 8. Nh3 O-O 9. f5 Nf6 10. g4 h5 11. gxh5 Nh7 12. Qg4 Kh8 13. Ng5 Nf6 14. Qh4 Ng8 15. Nd2 f6 16. Ngf3 Be3 17. Nf1 Bxc1 18. Rxc1 d5 19. Ne3 dxe4 20. dxe4 Qd3 21. Kf2 Nh6 22. Bf1 Qd6 23. Rd1 Qc5 24. Rg1 Bxf5 25. exf5 Nxf5 26. Qe4 Qxe3+ 27. Qxe3 Nxe3 28. Kxe3 Rad8 29. Rxd8 Nxd8 30. Bc4 Nf7 31. Nh4 Kh7 32. Ng6 1-0

[Event "Sterkrade- Holsterhausen"]
[Site "?"]
[Date "2024.02.25"]
[Round "6.7"]
[White "Warmbier, Robert"]
[Black "Finke, Tobias"]
[Result "0-1"]
[WhiteElo "1815"]
[BlackElo "2045"]
[PlyCount "67"]
[EventDate "2024.??.??"]

1. e4 e5 2. Nf3 Nf6 3. Nc3 Nc6 4. Bc4 Be7 5. O-O O-O 6. d3 d6 7. h3 Na5 8. Bb3 c5 9. Bd2 Nxb3 10. axb3 Bd7 11. Ne2 Qc7 12. c4 b5 13. Ng3 Rfb8 14. Qc2 Qb7 15. Bc3 Ne8 16. Nh2 Bg5 17. Ne2 Bf6 18. g4 a5 19. f4 exf4 20. Nxf4 Bxc3 21. bxc3 bxc4 22. bxc4 Qb2 23. Qxb2 Rxb2 24. Nd5 a4 25. Ra3 Rab8 26. Nf3 R8b3 27. Rfa1 Kf8 28. Rxb3 axb3 29. Nb6 Bc6 30. Ne1 Rd2 31. Rb1 b2 32. Kf1 Nc7 33. Nc8 Ne8 34. Ng2 {ZÜ} 0-1

[Event "Sterkrade- Holsterhausen"]
[Site "?"]
[Date "2024.02.25"]
[Round "6.8"]
[White "Schelwokat, Peter"]
[Black "Tecklenborg, Georg"]
[Result "0-1"]
[WhiteElo "1916"]
[BlackElo "1840"]
[PlyCount "112"]
[EventDate "2024.??.??"]

1. d4 d5 2. c4 e6 3. Nf3 f5 4. Nc3 Nf6 5. Bf4 Be7 6. Rc1 c6 7. e3 O-O 8. Bd3 Qe8 9. O-O Ne4 10. Nd2 g5 11. Bxb8 Rxb8 12. f3 Nxc3 13. bxc3 e5 14. e4 dxe4 15. fxe4 f4 16. Be2 Bf6 17. d5 c5 18. Bh5 Qe7 19. Rb1 b6 20. Bg4 Bd7 21. Qf3 Rf7 22. Qh3 Kg7 23. Bxd7 Qxd7 24. Qxd7 Rxd7 25. a4 g4 26. Rb2 Rd6 27. a5 Bd8 28. Rfb1 Rc8 29. axb6 Rxb6 30. Rxb6 Bxb6 31. Rb3 Rb8 32. Ra3 Kf6 33. Ra6 Kg5 34. Nb3 h5 35. Na5 Bxa5 36. Rxa5 g3 37. hxg3 fxg3 38. Kf1 Kf4 39. Rxa7 Rb1+ 40. Ke2 Rb2+ 41. Kd3 Rxg2 42. d6 Rb2 43. Rf7+ Kg4 44. d7 Rb8 45. Ke3 Rd8 46. Ke2 Kh3 47. Kf1 h4 48. Kg1 Kg4 49. Rg7+ Kf3 50. Rf7+ Kxe4 51. Kg2 Kd3 52. Kh3 e4 53. Kxh4 Rg8 54. Rg7 Rd8 55. Kxg3 e3 56. Kf4 e2 0-1

[Event "Bochum II - Südlohn"]
[Site "?"]
[Date "2024.03.17"]
[Round "7.1"]
[White "Mamedov, Aflatun"]
[Black "Kraemer, Matthias"]
[Result "1-0"]
[WhiteElo "2194"]
[BlackElo "2256"]
[PlyCount "123"]
[EventDate "2024.??.??"]

1. Nf3 e6 2. d4 Nf6 3. Nbd2 d5 4. e3 c5 5. a3 cxd4 6. exd4 Nc6 7. Bd3 Be7 8. O-O b6 9. c3 Bb7 10. Re1 Qc7 11. Qe2 Rd8 12. Ne5 Nxe5 13. dxe5 Nd7 14. Nf3 Nc5 15. Bb5+ Bc6 16. a4 O-O 17. Nd4 Bd7 18. Bf4 Qc8 19. a5 Bxb5 20. Qxb5 a6 21. Qe2 b5 22. Rad1 Ne4 23. Rd3 f5 24. exf6 Bxf6 25. Bg3 e5 26. Nc2 Nc5 27. Rdd1 d4 28. Nb4 e4 29. cxd4 Bxd4 30. Rc1 Qe6 31. Rc2 Rf6 32. Rd1 Qb3 33. Bh4 g5 34. Bxg5 Rxf2 35. Rxd4 Rxe2 36. Rxd8+ Kg7 37. Rxe2 Qxb4 38. Bd2 Qc4 39. Bc3+ Kf7 40. Rf2+ Ke6 41. Rd4 Qb3 42. Rf6+ Kxf6 43. Rb4+ Ke6 44. Rxb3 Nxb3 45. Kf2 Kd5 46. Ke3 h5 47. g3 Nc5 48. h3 Nb7 49. g4 hxg4 50. hxg4 Nd6 51. b3 Nf7 52. Kf4 Nh6 53. g5 Ng8 54. Bf6 b4 55. Ke3 Ke6 56. Kxe4 Nxf6+ 57. gxf6 Kxf6 58. Kd5 Kf5 59. Kc5 Ke5 60. Kb6 Kd4 61. Kxa6 Kc3 62. Kb5 1-0

[Event "Bochum II - Südlohn"]
[Site "?"]
[Date "2024.03.17"]
[Round "7.2"]
[White "Heinbuch, Detlef Ulrich"]
[Black "Kolakovic, Klaudio"]
[Result "1-0"]
[WhiteElo "2271"]
[BlackElo "2016"]
[PlyCount "131"]
[EventDate "2024.??.??"]

1. c4 c5 2. Nf3 e6 3. g3 d5 4. cxd5 exd5 5. d4 Nc6 6. Nc3 Be6 7. Bg2 Nf6 8. O-O h6 9. b3 Be7 10. Bb2 O-O 11. dxc5 Bxc5 12. Rc1 Be7 13. Nd4 Qd7 14. Nxc6 bxc6 15. Na4 Rfd8 16. Nc5 Bxc5 17. Rxc5 Rac8 18. Bxf6 gxf6 19. Qd4 Qe7 20. Rfc1 Bd7 21. Bf3 Qe6 22. Ra5 Kg7 23. Rxa7 Qe5 24. e3 Qxd4 25. exd4 Ra8 26. Rxa8 Rxa8 27. Rc2 Kf8 28. Kf1 Ke7 29. Ke2 Kd6 30. a4 Rb8 31. Rc3 Rb4 32. Ke3 Be6 33. Bd1 Bf5 34. Rc5 Kc7 35. Rc3 Kd6 36. Bh5 Be6 37. f4 f5 38. Bd1 Bd7 39. Rc1 Rb8 40. Kd2 Re8 41. Bc2 Be6 42. b4 Bd7 43. Re1 Rb8 44. Kc3 f6 45. Bd3 Ra8 46. Kb3 Rb8 47. a5 Ra8 48. Re2 Ra7 49. a6 Ra8 50. Ra2 Ra7 51. b5 Kc7 52. Kb4 Kb6 53. bxc6 Bxc6 54. Ra5 Re7 55. a7 Ba8 56. Ra6+ Kb7 57. Rxf6 Kxa7 58. Rxh6 Rb7+ 59. Bb5 Rf7 60. Kc5 Bb7 61. Kd6 Rf8 62. Bd7 Ba6 63. Rh7 Kb6 64. Ke7 Rb8 65. Bxf5 Bc4 66. Bd7 1-0

[Event "Bochum II - Südlohn"]
[Site "?"]
[Date "2024.03.17"]
[Round "7.3"]
[White "Teloeken, Andreas"]
[Black "Pewny, Uwe"]
[Result "1/2-1/2"]
[WhiteElo "2045"]
[BlackElo "2226"]
[PlyCount "98"]
[EventDate "2024.??.??"]

1. Nf3 g6 2. g3 Bg7 3. Bg2 e5 4. d4 exd4 5. Nxd4 Nc6 6. Nxc6 bxc6 7. O-O Ne7 8. c4 d6 9. Nc3 Be6 10. Qa4 Bd7 11. Bg5 f6 12. Bf4 a5 13. c5 d5 14. e4 O-O 15. Rad1 Kh8 16. Rfe1 Re8 17. Qc2 dxe4 18. Rxe4 Qc8 19. Qe2 Ng8 20. Rxe8 Bxe8 21. Qd3 Rb8 22. b3 g5 23. Be3 Qe6 24. Be4 Ne7 25. Ne2 Qh3 26. Bg2 Qg4 27. h3 Qe6 28. Nd4 Qd7 29. Qe2 Rd8 30. Rd2 Nd5 31. Nf3 Bh5 32. Bd4 Re8 33. Qd3 Bg6 34. Qa6 Be4 35. Qxa5 Qf5 36. Nh2 Bxg2 37. Kxg2 h5 38. Qa6 Qe4+ 39. Kg1 Qe6 40. Qf1 h4 41. Qg2 Qe1+ 42. Nf1 Re2 43. Rxe2 Qxe2 44. gxh4 Nf4 45. Qxc6 Nxh3+ 46. Kh2 Qxf1 47. Qe8+ Kh7 48. Qh5+ Kg8 49. Qe8+ Kh7 1/2-1/2

[Event "Bochum II - Südlohn"]
[Site "?"]
[Date "2024.03.17"]
[Round "7.4"]
[White "Spiess, Timo-Christian"]
[Black "Engels, Natia"]
[Result "1/2-1/2"]
[WhiteElo "2179"]
[BlackElo "2093"]
[PlyCount "27"]
[EventDate "2024.??.??"]

1. e4 c5 2. Nf3 g6 3. c3 Bg7 4. d4 cxd4 5. cxd4 d5 6. e5 Nc6 7. h3 h5 8. Nc3 Nh6 9. Bb5 O-O 10. Bxc6 bxc6 11. O-O Nf5 12. Na4 f6 13. exf6 exf6 14. Nc5 1/2-1/2

[Event "Bochum II - Südlohn"]
[Site "?"]
[Date "2024.03.17"]
[Round "7.5"]
[White "Hater, Wolfgang"]
[Black "Schaefers, Andreas"]
[Result "1/2-1/2"]
[WhiteElo "2082"]
[BlackElo "1998"]
[PlyCount "38"]
[EventDate "2024.??.??"]

1. e4 c5 2. Nf3 e6 3. d3 Nc6 4. c3 d5 5. Nbd2 Bd6 6. d4 cxd4 7. cxd4 dxe4 8. Nxe4 Bb4+ 9. Nc3 Nf6 10. Bc4 O-O 11. O-O b6 12. a3 Be7 13. d5 Na5 14. Ba2 exd5 15. Nxd5 Nxd5 16. Bxd5 Bb7 17. Bxb7 Nxb7 18. Bf4 Bf6 19. Rb1 Nc5 1/2-1/2

[Event "Bochum II - Südlohn"]
[Site "?"]
[Date "2024.03.17"]
[Round "7.6"]
[White "Goralski, Christian"]
[Black "Funke, Reinhard"]
[Result "0-1"]
[WhiteElo "2099"]
[BlackElo "2071"]
[PlyCount "80"]
[EventDate "2024.??.??"]

1. e4 c5 2. c3 d5 3. exd5 Qxd5 4. d4 Nc6 5. Nf3 cxd4 6. cxd4 e6 7. Nc3 Bb4 8. Bd3 Nf6 9. O-O Qa5 10. Bd2 O-O 11. a3 Be7 12. b4 Qd8 13. Bg5 h6 14. Bh4 Nd5 15. Bxe7 Ncxe7 16. Ne2 b6 17. Rc1 Bb7 18. Bb1 Qd6 19. Qd3 Nf6 20. Ne5 Rfd8 21. f3 Rac8 22. Rcd1 Rc7 23. Nc3 a6 24. Ne4 Nxe4 25. fxe4 f6 26. Qf3 Nf5 27. Ng4 Nxd4 28. Qf2 e5 29. Ne3 Qe7 30. Ba2+ Kh8 31. Nd5 Bxd5 32. Bxd5 Rc2 33. Rd2 Rdc8 34. g3 Nf3+ 35. Qxf3 Rxd2 36. Rf2 Rc1+ 37. Kg2 Rcc2 38. Rxd2 Rxd2+ 39. Kh3 Qd7+ 40. g4 h5 0-1

[Event "Bochum II - Südlohn"]
[Site "?"]
[Date "2024.03.17"]
[Round "7.7"]
[White "Voelker, Christian"]
[Black "Hinkmann, Jens"]
[Result "1/2-1/2"]
[WhiteElo "2160"]
[BlackElo "2082"]
[PlyCount "120"]
[EventDate "2024.??.??"]

1. d4 d5 2. e4 c6 3. Nc3 g6 4. h3 Bg7 5. Nf3 dxe4 6. Nxe4 Nd7 7. Bc4 h6 8. O-O Ngf6 9. Nxf6+ Nxf6 10. Ne5 O-O 11. Nxg6 Re8 12. Ne5 Rf8 13. c3 Qd6 14. Bf4 Nd5 15. Bg3 f5 16. Qd2 Be6 17. Bxd5 Bxd5 18. Bf4 Bxe5 19. dxe5 Qg6 20. f3 Rad8 21. Qe3 Kh7 22. b3 Rg8 23. Rf2 a6 24. Rd1 b5 25. Rdd2 Qe6 26. Qc5 Rde8 27. Kh2 a5 28. Rc2 Qd7 29. Rfd2 Qb7 30. c4 bxc4 31. bxc4 Be6 32. Qxa5 Qb1 33. Qc3 Rg7 34. Qe3 Reg8 35. Qd3 Qe1 36. Qe3 Qf1 37. Rf2 Qd1 38. Rc1 Qa4 39. Rfc2 Rd8 40. Bxh6 Rg6 41. Bg5 Rd1 42. f4 Rxc1 43. Qxc1 Qa7 44. Qe1 Qd4 45. Rd2 Qxc4 46. Qh4+ Kg7 47. Rd8 Bg8 48. Bxe7 Rxg2+ 49. Kxg2 Bd5+ 50. Rxd5 Qxd5+ 51. Kg1 Qd1+ 52. Kf2 Qd2+ 53. Kf1 Qd3+ 54. Ke1 Qe3+ 55. Kd1 Qd3+ 56. Kc1 Qc3+ 57. Kb1 Qd3+ 58. Kb2 Qd2+ 59. Kb3 Qd3+ 60. Kb4 Qd4+ 1/2-1/2

[Event "Bochum II - Südlohn"]
[Site "?"]
[Date "2024.03.17"]
[Round "7.8"]
[White "Hart, Klaus"]
[Black "Sparwel, Oliver"]
[Result "0-1"]
[WhiteElo "1914"]
[BlackElo "1992"]
[PlyCount "42"]
[EventDate "2024.??.??"]

1. Nf3 d5 2. e3 c5 3. d4 e6 4. c4 Nf6 5. Nc3 Nc6 6. dxc5 Bxc5 7. cxd5 exd5 8. Be2 O-O 9. O-O a6 10. a3 d4 11. exd4 Nxd4 12. Nxd4 Bxd4 13. Qc2 Be6 14. Bf3 Qb6 15. Ne4 Rac8 16. Nxf6+ Bxf6 17. Qe4 Rc7 18. Bf4 Rc4 19. Be3 Qxb2 20. Rab1 Rxe4 21. Rxb2 Rxe3 0-1

[Event "Katernberg III - Sterkrade"]
[Site "?"]
[Date "2024.03.17"]
[Round "7.1"]
[White "Bashirov, Kemal"]
[Black "Krueger, Erich"]
[Result "1-0"]
[WhiteElo "2382"]
[BlackElo "2115"]
[PlyCount "105"]
[EventDate "2024.??.??"]

1. d4 Nf6 2. c4 g6 3. Nc3 Bg7 4. e4 d6 5. Be2 O-O 6. Bg5 c5 7. d5 e6 8. Nf3 exd5 9. exd5 Qb6 10. Qc1 Re8 11. O-O Bf5 12. Nh4 Ne4 13. Nxf5 gxf5 14. Bd3 Nxg5 15. Qxg5 Qxb2 16. Nb5 Qf6 17. Qxf6 Bxf6 18. Rab1 Na6 19. Nxd6 Reb8 20. Bxf5 b6 21. Nb5 Rd8 22. Rb3 h6 23. Ra3 Nb4 24. Nc7 Rab8 25. Rxa7 b5 26. cxb5 Nxd5 27. a4 c4 28. Nxd5 Rxd5 29. g4 Rd2 30. Rc7 c3 31. Kg2 Ra2 32. Rc4 Rb6 33. Rc1 Rd6 34. Rc2 Ra3 35. Rc1 Rd2 36. Rc2 Rd6 37. Rb4 Rb6 38. Be4 Kg7 39. Bc6 Be7 40. Rc4 Bf6 41. h4 Kg6 42. Be4+ Kg7 43. g5 hxg5 44. hxg5 Bxg5 45. R2xc3 Rxc3 46. Rxc3 Bd2 47. Rc7 Rd6 48. Bc2 Ba5 49. Ra7 Bb6 50. Ra6 Rf6 51. f4 Rd6 52. Kf3 Kf6 53. a5 1-0

[Event "Katernberg III - Sterkrade"]
[Site "?"]
[Date "2024.03.17"]
[Round "7.2"]
[White "Rosen, Willy"]
[Black "Stricker, Florian"]
[Result "0-1"]
[WhiteElo "2099"]
[BlackElo "2214"]
[PlyCount "92"]
[EventDate "2024.??.??"]

1. e4 d6 2. d4 g6 3. Nc3 Bg7 4. h3 a6 5. a4 Nc6 6. Nf3 e5 7. Bg5 f6 8. Be3 Nh6 9. dxe5 Nxe5 10. Nxe5 fxe5 11. Bc4 Nf7 12. h4 c6 13. h5 Qe7 14. Bxf7+ Kxf7 15. hxg6+ hxg6 16. Rxh8 Bxh8 17. Qd2 Bg4 18. f3 Qh4+ 19. Kf1 Qh1+ 20. Bg1 Be6 21. Qxd6 Re8 22. Rd1 g5 23. Rd2 Bf6 24. Qc5 Kg7 25. Ne2 g4 26. Ng3 Qh6 27. Be3 Qg6 28. f4 exf4 29. Nh5+ Kf7 30. Nxf4 Qxe4 31. Qh5+ Kg7 32. Nxe6+ Qxe6 33. Bh6+ Kg8 34. Qg6+ Kh8 35. Be3 Bxb2 36. Qh5+ Kg8 37. Qg5+ Bg7 38. Rd8 Rxd8 39. Qxd8+ Kf7 40. Qc7+ Kg6 41. Kf2 Qf5+ 42. Kg1 Qxc2 43. Qxb7 g3 44. Qxa6 Bd4 45. Bxd4 Qd1+ 46. Qf1 Qxd4+ 0-1

[Event "Katernberg III - Sterkrade"]
[Site "?"]
[Date "2024.03.17"]
[Round "7.3"]
[White "Knudsen, Simon"]
[Black "Gorainow, Nikita"]
[Result "1-0"]
[WhiteElo "2226"]
[BlackElo "2038"]
[PlyCount "67"]
[EventDate "2024.??.??"]

1. e4 c5 2. Nf3 e6 3. g3 d5 4. exd5 exd5 5. d4 Nf6 6. Bg2 Be7 7. dxc5 Bxc5 8. O-O O-O 9. Nc3 Nc6 10. a3 Re8 11. b4 d4 12. Ne2 Bb6 13. Bb2 Bg4 14. h3 Bxf3 15. Bxf3 Qd7 16. Bg2 Rad8 17. Nf4 Ne5 18. Re1 Nc4 19. Rxe8+ Rxe8 20. Nd3 Nxb2 21. Nxb2 Qc7 22. Nd3 Ne4 23. a4 Nc3 24. Qf3 Qc4 25. Kh2 Re2 26. a5 Bc7 27. a6 Rxc2 28. Re1 f6 29. axb7 Rd2 30. Nc5 Qa2 31. Re8+ Kf7 32. Qh5+ g6 33. Qxh7+ Kxe8 34. Qxc7 1-0

[Event "Katernberg III - Sterkrade"]
[Site "?"]
[Date "2024.03.17"]
[Round "7.4"]
[White "Heldt, Maximilian"]
[Black "Aulich, Marcell"]
[Result "1/2-1/2"]
[WhiteElo "2069"]
[BlackElo "2186"]
[PlyCount "52"]
[EventDate "2024.??.??"]

1. e4 e5 2. Nf3 Nc6 3. Bb5 a6 4. Ba4 Nf6 5. O-O Be7 6. d4 exd4 7. e5 Ne4 8. Nxd4 Nxd4 9. Qxd4 Nc5 10. Nc3 Nxa4 11. Qxa4 O-O 12. Bf4 d5 13. exd6 Bxd6 14. Rad1 b5 15. Qe4 Be6 16. Bxd6 cxd6 17. Qc6 b4 18. Nd5 Qa5 19. Ne7+ Kh8 20. Qxd6 Qxa2 21. Qe5 Rae8 22. Nf5 Bxf5 23. Qxf5 Qxb2 24. Rb1 Qc3 25. Rb3 Qc8 26. Qa5 Qxc2 1/2-1/2